| 000 | 00513cam a2200145u 4500 | ||
|---|---|---|---|
| 082 |
_a355.45 _bCUR _cD |
||
| 100 | 1 |
_aCurzon of Kedleston, George Nathaniel Curzon, _949800 |
|
| 245 | 0 | 0 |
_aFrontiers; _cby the right honourable Lord Curzon of Kedleston ... delivered in the Sheldonian theatre, Oxford. November 2, 1907. |
| 260 |
_aOxford, _bClarendon press, _c1907. |
||
| 300 |
_a58 p. _c23 cm. |
||
| 526 |
_a0 _b0 _c0 _d355_450000000000000_CUR |
||
| 650 | 0 |
_aBoundaries. _949801 |
|
| 650 | 0 |
_aMCE _9379 |
|
| 942 |
_2ddc _cBK |
||
| 999 |
_c552567 _d552567 |
||